000 01053nac a22002897a 4500
001 BR0704676
003 BR-BrBNA
005 20240105123456.0
008 230509b bl.|||m| |||| 00| 0 por d
040 _aBR-BrBNA
_bpor
_cBiblioteca Nacional de Agricultura
072 _aE50
090 _aE50 BR0704676
100 1 _aMelo, M.L. de
110 1 _aInstituto Joaquim Nabuco de Pesquisas Sociais, Recife, PE (Brasil)
_96383
245 1 _aO açucar e o homem; problemas sociais e econômicos do nordeste canavieiro
260 3 _aRecife, PE (Brasil):
_c1975.
300 _a304 p.
490 _aSérie Estudos e Pesquisas - Instituto Joaquim Nabuco de Pesquisas Sociais (Brazil)
_vno. 4
_x
500 _a11 illus.; 26 tables; Bibliography p. 299-304 (54 ref.); Documento microfilmado e tratado BR7306235
650 _aCANA DE AÇÚCAR
650 _aSOCIOLOGIA RURAL
650 _aPROPRIEDADE RURAL
650 _aPRODUÇÃO AGRÍCOLA
650 _aINDUSTRALIZAÇÃO
909 _a202312
_bLúcia Elande
_c55
_dLúcia Elande
942 _2AGRIS
_n0
_cMS
999 _c295635
_d295635